| 000 | 02320cad a22002655a 4500 | ||
|---|---|---|---|
| 001 | L146952 | ||
| 008 | 090318e20080302xxk f v 000 0 eng d | ||
| 035 | _a(Sirsi) u146952 | ||
| 041 | 0 | _aeng | |
| 245 | 0 | 4 |
_aR (on the application of Leeside International Inc and Mr MJ Hunt) v London Borough of Tower Hamlets and South Quay Properties Limited _h[electronic resource] |
| 260 | _c2009 | ||
| 520 | _a[2009] EWHC 325 (Admin), 02 March 2009. The case turns around the authorisation of the making of a Compulsory Purchase Order (CPO) by London Borough of Tower Hamlets' Cabinet. Leeside International Inc (L) has a long leasehold interest on 7 Heron Quays and MJ Hunt (H) on 8 Heron Quays, Canary Wharf, in the London Borough of Tower Hamlets (B). South Quays Properties Limited (S) is the company used by Canary Wharf Group (C) to carry out the development of the area. In 1992, planning permission was granted for construction of part of Heron Quays. In 2008, planning permission was given for development which incorporated 7 and 8 Heron Quays. In May 2008, B's cabinet issued a Compulsory Purchase Order (CPO) to acquire 7 and 8 Heron Quays. The CPO is not yet issued. L and H are looking for judicial review against this decision of authorising the making of a CPO. "Held": The CPO is properly justified by section 226. This case bears no circumstances justifying the Court being asked to intervene before the making of the CPO or before confirmation. Permission to proceed is refused. | ||
| 590 | _aKA | ||
| 650 | 2 | 4 | _aR (ON THE APPLICATION OF LEESIDE INTERNATIONAL INC AND ANOTHER) V LONDON BOROUGH OF TOWER HAMLETS AND ANOTHER |
| 650 | 2 | 4 | _aOXTON FARMS V SELBY DISTRICT COUNCIL |
| 650 | 2 | 4 | _aR V CAMDEN LONDON BOROUGH COUNCIL EX PARTE COMYN CHING & CO (LONDON) LTD |
| 650 | 2 | 4 | _aPOINTE GOURDE QUARRYING AND TRANSPORT CO LTD V CROWN LANDS SUPERINTENDENT |
| 650 | 2 | 4 | _aR V CORNWALL CC EX P HUNTINGTON |
| 650 | 2 | 4 | _aR V DEVON COUNTY COUNCIL EX PARTE ISAAC AND ANOTHER |
| 650 | 2 | 4 | _aTOWN AND COUNTRY PLANNING ACT 1990 |
| 651 | 4 |
_aEngland and Wales _y1543- |
|
| 690 | _aENVIRONMENTAL AND LAND CONSULTANCY-PLANNING AND DEVELOPMENT-COMPULSORY PURCHASE AND COMPENSATION | ||
| 856 | 4 | 0 |
_uhttps://www.bailii.org/ew/cases/EWHC/Admin/2009/325.html _zView the case free of charge at www.bailli.org... |
| 942 | _n0 | ||
| 999 |
_c81333 _d81333 |
||